000 00255nam a2200109Ia 4500
008 220204s9999 xx 000 0 und d
082 _a645.4
_bVON
100 _aVon, Herausgeben
245 0 _aNew furniture
260 _aLondon
_bAcademy
_c1973
942 _cBK
999 _c29416
_d29416